Fracturas: tratamiento y rehabilitación

Enregistré dans:
Détails bibliographiques
Auteurs principaux: Hoppenfeld, Stanley (Auteur), Murthy, Vasantha L (Auteur)
Format: Livre
Langue:espagnol
Publié: Madrid Marbán 2001
Édition:1a. ed
Sujets:
Tags: Ajouter un tag
Pas de tags, Soyez le premier à ajouter un tag!

MARC

LEADER 00000nam a2200000 a 4500
001 UCN7079
003 CL-VaPUC
005 20231114123104.0
008 011012e20010000SP |||||||||||||||||spa|d
999 |c 297601  |d 297599 
020 |a 8471013401 
040 |c Pontificia Universidad Católica de Valparaíso 
082 0 4 |a 617.15  |b HOP  |2 21 
100 |a Hoppenfeld, Stanley  |e author  |9 462976 
245 1 0 |a Fracturas: tratamiento y rehabilitación 
250 |a 1a. ed 
260 |a Madrid  |b Marbán  |c 2001 
300 |a 602 p 
583 |a last modification  |c 20011012 00:00:00  |k Rodrigo Vera 
650 0 |a Fracturas óseas  |9 712818  |x Rehabilitación 
650 0 |a Traumatología  |9 324124 
650 0 |a Anatomía humana   |9 269546 
650 0 |a Fisioterapia  |9 307408 
650 0 |a Biomecánica  |9 307420 
700 0 |a Murthy, Vasantha L  |e author  |9 462977 
942 |c BK  |2 ddc 
945 |d 20011012 00:00:00  |a cmena 
952 |0 0  |1 0  |4 0  |6 617_150000000000000_HOP_2001  |7 0  |8 A  |9 352473  |a BIBCUR  |b BIBCUR  |d 2019-11-21  |i 3753220  |l 1  |o 617.15 HOP 2001  |p 3753220  |r 2025-04-22  |s 2025-03-25  |w 2019-11-21  |y BK  |k KIN 
952 |0 0  |1 0  |4 0  |6 617_150000000000000_HOP_2001  |7 0  |8 A  |9 352474  |a BIBCUR  |b BIBCUR  |d 2019-11-21  |i 3753239  |l 1  |o 617.15 HOP 2001  |p 3753239  |r 2025-04-22  |s 2025-04-01  |w 2019-11-21  |y BK  |k KIN 
952 |0 0  |1 0  |4 0  |6 617_150000000000000_HOP_2001  |7 0  |8 A  |9 352475  |a BIBCUR  |b BIBCUR  |d 2019-11-21  |i 3753247  |o 617.15 HOP 2001  |p 3753247  |r 2025-04-22  |w 2019-11-21  |y BK  |k KIN 
952 |0 0  |1 0  |4 0  |6 617_150000000000000_HOP_2001  |7 0  |8 A  |9 352476  |a BIBCUR  |b BIBCUR  |d 2019-11-21  |i 3753255  |l 1  |o 617.15 HOP 2001  |p 3753255  |r 2025-04-22  |s 2025-03-28  |w 2019-11-21  |y BK  |k KIN 
952 |0 0  |1 0  |4 0  |6 617_150000000000000_HOP_2001  |7 0  |8 A  |9 352477  |a BIBCUR  |b BIBCUR  |d 2019-11-21  |i 1087940  |o 617.15 HOP 2001  |p 1087940  |r 2025-04-22  |w 2019-11-21  |y BK  |k KIN